| 000 | 00732nam a22002057a 4500 | ||
|---|---|---|---|
| 005 | 20110906103618.0 | ||
| 010 | _aG-001256 | ||
| 020 |
_a9788174821126 _c105.00 |
||
| 035 | _aG-001256 | ||
| 037 | _bGift | ||
| 082 | _a485 | ||
| 100 |
_aGoyal, Brij Kishore _934446 |
||
| 245 |
_aUpkar's modern essays / _cby Brij Kishore Goyal |
||
| 260 |
_aAgra _bUpkar Prakashan _c201? |
||
| 270 |
_a4840/24, Govind Lane, Ansari Raod, Daryaganj _bNew Delhi _e110002 |
||
| 300 |
_aviii, 255p. _c23cm(pbk) |
||
| 942 |
_2ddc _cEN _h485 _mGOY |
||
| 999 |
_c56351 _d56351 |
||